000 00266nam a22001217a 4500
020 _aNA
082 _222
_a338.5
100 _aPrager janas.
245 _aApplied microeconomics /
260 _aIRWIN,
_bIRWIN,
_cc1993
300 _a744 p,;
_bNA
_c24cm
942 _2ddc
_cGEN
999 _c2116
_d2116